000 00268nam a22001217a 4500
008 190225b xxu||||| |||| 00| 0 eng d
041 _aeng
080 _a321
100 _a19
101 _aSHP
245 _aThe Dangers of Nuclear War
_cGriffiths, F
942 _2udc
_cBK
999 _c54184
_d54184